Представление документа в формате MARC21

Поле Инд. ПП Название Значение
Тип записи m
Библиографический уровень m
001 Контрольный номер 2f531b3c92f84cb2b069739c073e2c4a
005 Дата корректировки 20250122101454.6
008 Кодируемые данные 230414|||||||||ru |||||||||||||||||rus||
020 a ISBN 978-5-86185-873-1 (общ.)
020 a ISBN 978-5-86185-875-5 (Ч. 2)
040 b Код языка каталог. rus
041 0_ a Код языка текста rus
084 a Индекс другой классификации/Индекс ББК 20+3я7
203 a Вид содержания Текст
c Тип средства электронный
245 10 a Заглавие Современные эколого-биологические и химические исследования, техника и технология производств. Ч. 2
b Продолж. заглавия материалы междунар. науч.-практ. конф., Мурманск, 7 апреля 2015 г. В 2 ч.
c Ответственность М-во образования и науки Рос. Федерации, ФГБОУ ВО "Мурман. гос. техн. ун-т"
h Физич. носитель Электронный ресурс
260 a Место издания Мурманск
b Издательство Изд-во МГТУ
c Дата издания 2015
300 a Объем 277 с.
b Иллюстрации/ тип воспроизводства ил.
500 a Примечание Электрон. текстовые дан. (1 файл : 4,5 Мб)
500 a Примечание URL: https://mstu.mauniver.ru/upload/iblock/47d/htd3s46n9ybtiv8hhl38sll4eqarv9lr/ecol2015-10.pdf
500 a Примечание Доступ из локальной сети Мурман. гос. техн. ун-та. - Загл. с экрана
520 0_ a Аннотация В сборнике опубликованы доклады участников Международной научно-практической конференции "Современные эколого-биологические и химические исследования, техника и технология производств", которая состоялась 7 апреля 2015 г. в Мурманском государственном техническом университете. Тематика представленных докладов охватывает направления научных исследований в области химических наук, техники и технологии переработки гидробионтов и сельскохозяйственного сырья, технологического и холодильного оборудования пищевых и рыбоперерабатывающих производств. Издание предназначено для научных, научно-педагогических работников, докторантов, аспирантов, специалистов, ведущих научные исследования по направлениям работы конференции
583 x Служебное примечание Полнотекстовые документы
x Служебное примечание Труды преподавателей МГТУ
651 _4 a Географическое наименование Арктика
651 _4 a Географическое наименование Баренцево море
653 0_ a Ключевые слова Гидробионты; Конференции научно-практические; Материалы конференций; Микробиологический мониторинг; Пищевые производства; Рыбные продукты; Технологическое оборудование; Труды преподавателей МГТУ; Холодильное оборудование; Экологическая безопасность; Экосистема Арктики; Электронные версии
653 0_ a Ключевые слова Рыбоперерабатывающая отрасль; Переработка гидробионтов
856 40 u URL https://mstu.mauniver.ru/upload/iblock/47d/htd3s46n9ybtiv8hhl38sll4eqarv9lr/ecol2015-10.pdf
901 t Тип документа m